Score 0/196 Timer 20:00
0 Plays Today
Country % Correct
Canada
69%
Italy
65.5%
China
51.7%
Iceland
48.3%
Japan
48.3%
Spain
48.3%
Sweden
48.3%
Costa Rica
44.8%
Denmark
44.8%
Ecuador
44.8%
Fiji
44.8%
Germany
44.8%
Ireland
44.8%
Norway
44.8%
Peru
44.8%
Belgium
41.4%
Finland
41.4%
Mexico
41.4%
Netherlands
41.4%
Portugal
41.4%
United States
41.4%
Uruguay
41.4%
Brazil
37.9%
France
37.9%
Taiwan
37.9%
United Kingdom
37.9%
Vatican City
37.9%
Venezuela
37.9%
Argentina
34.5%
Austria
34.5%
Belize
34.5%
Bolivia
34.5%
Colombia
34.5%
Greece
34.5%
Guatemala
34.5%
Panama
34.5%
Romania
34.5%
Russia
34.5%
San Marino
34.5%
South Korea
34.5%
Tonga
34.5%
Chile
31%
Ghana
31%
Hong Kong
31%
Hungary
31%
India
31%
Kiribati
31%
Guyana
31%
Nauru
31%
Paraguay
31%
North Korea
31%
Australia
27.6%
Egypt
27.6%
El Salvador
27.6%
Indonesia
27.6%
Iran
27.6%
Israel
27.6%
Jamaica
27.6%
Lithuania
27.6%
New Zealand
27.6%
Poland
27.6%
Serbia
27.6%
South Africa
27.6%
Suriname
27.6%
Turkey
27.6%
Albania
24.1%
Country % Correct
Algeria
24.1%
Barbados
24.1%
Chad
24.1%
Honduras
24.1%
Iraq
24.1%
Morocco
24.1%
Nigeria
24.1%
St. Kitts and Nevis
24.1%
Switzerland
24.1%
Tuvalu
24.1%
Vietnam
24.1%
Azerbaijan
20.7%
Bahamas
20.7%
Bulgaria
20.7%
Cambodia
20.7%
Cyprus
20.7%
Czech Republic
20.7%
Dominica
20.7%
Estonia
20.7%
Ethiopia
20.7%
Georgia
20.7%
Laos
20.7%
Latvia
20.7%
Lesotho
20.7%
Madagascar
20.7%
Mongolia
20.7%
Nicaragua
20.7%
Niger
20.7%
Pakistan
20.7%
Papua New Guinea
20.7%
Philippines
20.7%
St. Vincent and the Grenadines
20.7%
Samoa
20.7%
Slovakia
20.7%
Somalia
20.7%
Thailand
20.7%
United Arab Emirates
20.7%
Ukraine
20.7%
Vanuatu
20.7%
Zambia
20.7%
Zimbabwe
20.7%
Andorra
17.2%
Cuba
17.2%
Dem. Rep. of the Congo
17.2%
Dominican Republic
17.2%
Gabon
17.2%
Haiti
17.2%
Kenya
17.2%
Libya
17.2%
Luxembourg
17.2%
Macau
17.2%
Malaysia
17.2%
Mali
17.2%
Qatar
17.2%
Rwanda
17.2%
St. Lucia
17.2%
Saudi Arabi
17.2%
Togo
17.2%
Afghanistan
13.8%
Antigua and Barbuda
13.8%
Bahrain
13.8%
Belarus
13.8%
Burundi
13.8%
Cameroon
13.8%
Croatia
13.8%
Gambia
13.8%
Country % Correct
Jordan
13.8%
Liberia
13.8%
Mauritius
13.8%
Micronesia
13.8%
Guinea
13.8%
Grenada
13.8%
Senegal
13.8%
Seychelles
13.8%
Sierra Leone
13.8%
Slovenia
13.8%
South Sudan
13.8%
Sudan
13.8%
Syria
13.8%
Tunisia
13.8%
Uganda
13.8%
Uzbekistan
13.8%
Armenia
10.3%
Aruba
10.3%
Bangladesh
10.3%
Burkina Faso
10.3%
Burma
10.3%
Cape Verde
10.3%
Comoros
10.3%
Eritrea
10.3%
Kuwait
10.3%
Lebanon
10.3%
Liechtenstein
10.3%
Macedonia
10.3%
Mauritania
10.3%
Namibia
10.3%
Nepal
10.3%
Oman
10.3%
Sri Lanka
10.3%
Swaziland
10.3%
Trinidad and Tobago
10.3%
Yemen
10.3%
Angola
6.9%
Bhutan
6.9%
Bosnia and Herzegovina
6.9%
Botswana
6.9%
Djibouti
6.9%
Equatorial Guinea
6.9%
Isle of Man
6.9%
Kazakhstan
6.9%
Kyrgyzstan
6.9%
Malawi
6.9%
Maldives
6.9%
Moldova
6.9%
Monaco
6.9%
Mozambique
6.9%
Palau
6.9%
Guinea-Bissau
6.9%
Tajikistan
6.9%
Timor-Leste
6.9%
Turkmenistan
6.9%
Brunei
3.4%
CAR
3.4%
Rep. of the Congo
3.4%
Tanzania
3.4%
Cote d’Ivoire
0%
French Guinea
0%
Malta Islands
0%
Monteregro
0%
Montserrat
0%
Come Together.
Have Fun.
All Virtual.
We all need to come together. Play Sporcle's virtual live trivia to have fun, connect with people, and get your trivia on. Join a live hosted trivia game for your favorite pub trivia experience done virtually. If a virtual private party is more your thing, go here for details.

You're not logged in!

Compare scores with friends on all Sporcle quizzes.
OR
Log In

Sporcle TV

Today on Sporcle TV


Watch our educational content, quiz creation guides, and fun videos on Sporcle TV.

Show Comments

Extras

Created Apr 8, 2018ReportNominate
Tags:Country Quiz

Top Quizzes Today


Score Distribution

Paid Content

Your Account Isn't Verified!

In order to create a playlist on Sporcle, you need to verify the email address you used during registration. Go to your Sporcle Settings to finish the process.

Report this User

Report this user for behavior that violates our Community Guidelines.

Details: